| 000 | 02075cgm a2200313 i 4500 | ||
|---|---|---|---|
| 005 | 20240304132116.0 | ||
| 007 | vd cvaizk | ||
| 008 | 231208s2023 134 ## v eng d | ||
| 024 |
_a715515291910 _q (videorecording) |
||
| 040 |
_aCTMMSN _beng _erda _cCTMMSN |
||
| 082 | 4 | _a[FIC] | |
| 092 |
_amovie _bMudbound |
||
| 245 | 0 | 0 |
_aMudbound _h[videorecording]. |
| 264 |
_a[Place of publication not identified?]: _bCriterion Collection, _c2024 |
||
| 264 |
_aOld Saybrook, Connecticut : _bwww.micromarketing.org |
||
| 300 |
_a[1 videodisc (approximately 134 minutes)?] : _bsound, color; _c4 3/4 in. |
||
| 336 | _atwo-dimensional moving image | ||
| 337 | _avideo | ||
| 338 | _avideodisc | ||
| 500 | _a[Typographic symbols and accents removed for systems compatibility.] | ||
| 500 | _aWidescreen edition. | ||
| 520 | _aIn the Mississippi Delta of the 1940s, two farming families--one of white landholders, one of Black tenant farmers--are bound by the unforgiving soil they share as they struggle to survive amid the upheavals of World War II and the poisonous hatred of the Jim Crow South. Each family sends a young man off to battle; when they return home, scarred, and find a common bond, the community is ripped apart. Writer-director Dee Rees, with cowriter Virgil Williams, crafts a uniquely American tragedy, imbuing bitter historical realities with a timeless weight. Featuring bone-deep performances from her ensemble cast--including Carey Mulligan, Mary J. Blige, Jason Mitchell, Rob Morgan, Garrett Hedlund, Jason Clarke, and Jonathan Banks--and backed by Rachel Morrison's darkly burnished cinematography, Mudbound is a searing humanist study of inheritance based upon Hillary Jordan's novel. ORIGINAL YEAR: 2017. Criterion Collection; 715515291910; 1 Disc(s); 134 min; Drama; R; 01/30/24 | ||
| 521 | _aRating: R. | ||
| 538 | _aDVD, color, widescreen, NTSC. | ||
| 650 | 7 |
_aFeature Films _2bisacsh |
|
| 655 |
_aVideo recordings. _2lcgft |
||
| 710 |
_aCriterion Collection _96478843 |
||
| 942 |
_2ddc _cDVD |
||
| 999 |
_c391402 _d391402 |
||